000 00325nam a22001337a 4500
999 _c55005
_d55005
008 200204b ||||| |||| 00| 0 eng d
041 _aeng
080 _2043.3
_a043.3
082 _a043.3
100 _a0
101 _aBTH
245 _aVlersimi dhe Kujdesi Infermieror i Dhimbjes Postoperatore
_cDauti,V
942 _2udc
_cBK